000 00550nam a2200169 i 4500
001 bg
245 0 _aAnteny i fale elektromagnetyczne /
_c[red. nauk.
260 _aWrocław,
_c1973.
490 1 _aPrace Naukowe Instytutu Telekomunikacji i Akustyki Politechniki Wrocławskiej ;
_v16
700 1 _aWolski, Włodzimierz.
_eRed.
830 _aPrace Naukowe Instytutu Telekomunikacji i Akustyki Politechniki Wrocławskiej ;
040 _cBPK
041 _apol
080 _a621.396:621.37
942 _cKS
008 s pl f |000 0 pol
999 _c26045
_d26045
856 _uhttp://koha.tu.koszalin.pl/cgi-bin/koha/opac-detail.pl?biblionumber=26045
_yKatalog online BPK